| 000 | 00440nam a2200193Ia 4500 | ||
|---|---|---|---|
| 005 | 20250425162446.0 | ||
| 008 | 250425s9999 xx 000 0 und d | ||
| 020 | _a0195119266 | ||
| 041 | _aeng | ||
| 082 | _a572.8 | ||
| 245 | 0 | _aA LOW COST APPROACH TO PCR | |
| 250 | _aS.E. | ||
| 260 |
_aEstados Unidos _bOXFORD UNIVERSITY PRESS _c1998 |
||
| 260 | _aNEW YORK | ||
| 300 | _a304 | ||
| 650 | _aPCR | ||
| 942 | _c01 | ||
| 010 | _a75540 | ||
| 999 |
_c229648 _d229648 |
||